| 000 | 00578cam a2200217 4500 | ||
|---|---|---|---|
| 001 | 4159274 | ||
| 005 | 20180105051549.0 | ||
| 008 | 710414s1971 paua b 001 0 eng | ||
| 010 | _a 78123423 | ||
| 020 | _a0812103327 | ||
| 040 |
_aDLC _cDLC _dDLC |
||
| 041 | _aeng | ||
| 080 | _a636.2.089.871 SCH | ||
| 082 | 0 | 0 | _a636.2.089.871 SCH |
| 100 | 1 | _a11 | |
| 101 | _aBIO | ||
| 245 | 1 | 0 |
_aBovine mastitis _c[by] O. W. Schalm, E. J. Carroll [and] N. C. Jain. |
| 504 | _aIncludes bibliographies. | ||
| 906 |
_a7 _bcbu _corignew _d2 _encip _f19 _gy-gencatlg |
||
| 942 |
_2ddc _cBK |
||
| 999 |
_c39803 _d39803 |
||